<?xml version="1.0" encoding="UTF-8"?>
<collection xmlns:xsi="http://www.w3.org/2001/XMLSchema-instance" xsi:schemaLocation="http://www.loc.gov/MARC21/slim http://www.loc.gov/standards/marcxml/schema/MARC21slim.xsd" xmlns="http://www.loc.gov/MARC21/slim">
 <record>
  <leader>00000ctm a22000004i 4500</leader>
  <controlfield tag="001">UP-99796217612002675</controlfield>
  <controlfield tag="003">Buklod</controlfield>
  <controlfield tag="005">20160415151054.0</controlfield>
  <controlfield tag="006">m    |o  d |      </controlfield>
  <controlfield tag="007">ta</controlfield>
  <controlfield tag="008">160415s2015    xx     d     r    |||| u|</controlfield>
  <datafield tag="035" ind1=" " ind2=" ">
   <subfield code="a">(iLib)UPD-00254214285</subfield>
  </datafield>
  <datafield tag="040" ind1=" " ind2=" ">
   <subfield code="a">DARC</subfield>
   <subfield code="e">rda</subfield>
  </datafield>
  <datafield tag="041" ind1="0" ind2=" ">
   <subfield code="a">eng</subfield>
  </datafield>
  <datafield tag="090" ind1=" " ind2=" ">
   <subfield code="a">LG 993.5 2015 A7</subfield>
   <subfield code="b">D66</subfield>
  </datafield>
  <datafield tag="100" ind1="1" ind2=" ">
   <subfield code="a">Domingo, Venson John R.</subfield>
   <subfield code="e">author.</subfield>
  </datafield>
  <datafield tag="245" ind1="1" ind2="0">
   <subfield code="a">Kala Farms</subfield>
   <subfield code="b">a dairy carabao agritourism resort</subfield>
   <subfield code="c">by Venson John R. Domingo ; Dolores Cecilia T. Madrid, adviser.</subfield>
  </datafield>
  <datafield tag="264" ind1=" " ind2="0">
   <subfield code="a">Quezon City</subfield>
   <subfield code="b">College of Architecture, University of the Philippines Diliman</subfield>
   <subfield code="c">May 2015.</subfield>
  </datafield>
  <datafield tag="300" ind1=" " ind2=" ">
   <subfield code="a">xiii, 167 leaves</subfield>
   <subfield code="b">illustrations (some color)</subfield>
   <subfield code="c">28 cm +</subfield>
   <subfield code="e">CD-ROM (4 3/4 in.)</subfield>
  </datafield>
  <datafield tag="336" ind1=" " ind2=" ">
   <subfield code="a">text</subfield>
   <subfield code="2">rdacontent</subfield>
  </datafield>
  <datafield tag="337" ind1=" " ind2=" ">
   <subfield code="a">unmediated</subfield>
   <subfield code="2">rdamedia</subfield>
  </datafield>
  <datafield tag="338" ind1=" " ind2=" ">
   <subfield code="a">volume</subfield>
   <subfield code="2">rdacarrier</subfield>
  </datafield>
  <datafield tag="500" ind1=" " ind2=" ">
   <subfield code="a">Includes appendices</subfield>
  </datafield>
  <datafield tag="502" ind1=" " ind2=" ">
   <subfield code="a">Thesis (Bachelor of Science in Architecture)--University of the Philippines Diliman</subfield>
   <subfield code="d">May 2015.</subfield>
  </datafield>
  <datafield tag="520" ind1="3" ind2=" ">
   <subfield code="a">This thesis is a proposal for a dairy carabao agritourism resort, to promote the carabao milk as a food commodity as well as to provide small-hold farmers a support center. The development includes buildings such as the carabao farm, milk processing plant and tourist villas, supported by tourist center, administration building and training center. The process starts with preliminary research and an analysis of present conditions. The gathered information would be used as basis for the making of the architectural program. After going through a comprehensive and cyclical design process, the compiled work is then presented in a thesis deliberation before a panel of jurors.  The resultant design showcased here uses the concept of architecture of harmonious contrast that instills a sense of sacredness through subdued ceremonial spaces. The contrast between the formal architecture and the organic nature.  It uses contrast of formal architecture and organic landscape to stress importance in promoting the carabao milk as a food commodity. Using the concept of agritourism as a medium to integrate tourism, education, and productivity to create a facility for small-hold farmers.</subfield>
  </datafield>
  <datafield tag="650" ind1=" " ind2="0">
   <subfield code="a">Agricultural tourism.</subfield>
  </datafield>
  <datafield tag="650" ind1=" " ind2="0">
   <subfield code="a">Agro-tourism.</subfield>
  </datafield>
  <datafield tag="700" ind1="1" ind2=" ">
   <subfield code="a">Madrid, Dolores Cecilia T.</subfield>
   <subfield code="e">thesis adviser.</subfield>
  </datafield>
  <datafield tag="905" ind1=" " ind2=" ">
   <subfield code="a">FI</subfield>
  </datafield>
  <datafield tag="852" ind1="0" ind2=" ">
   <subfield code="a">UPD</subfield>
   <subfield code="b">DARC</subfield>
   <subfield code="h">LG 993.5 2015 A7</subfield>
   <subfield code="i">D66</subfield>
  </datafield>
  <datafield tag="942" ind1=" " ind2=" ">
   <subfield code="a">Thesis</subfield>
  </datafield>
 </record>
</collection>
